African High Points With Map - Statistics

General Stats
  • This quiz has been taken 26 times
    12 since last reset
  • The average score is 3 of 50
Answers on the Map
Answers color-coded by a green-red scale on the quiz's map according to % correct below.
 
Answer Stats
High Point % Correct
Kilimanjaro
91%
Mt. Kenya
73%
Fako Peak
45%
Mt. Stanley
27%
Mt. Stanley
27%
Jebal Toubkal
9%
Mourne Seychellois
9%
Mt. Agou
9%
Mt. Richard Molard
9%
Mt. Richard Molard
9%
Sao Tome Peak
9%
Bikku Bitti
0%
Chambi
0%
Chappal Wadi
0%
Deriba Caldera
0%
Emba Soira
0%
Embele
0%
Emi Koussi
0%
Hombori Tondo
0%
Idoukal-n-Taghes
0%
Inyangani
0%
Kediet ej Jill
0%
Kinyeti
0%
Konigstein
0%
Loma Mansa
0%
Mafadi
0%
Maromokotro
0%
Morro de Moco
0%
Mount Ngaoui
0%
Mousa Ali
0%
Mt. Afadja
0%
Mt. Bengoue
0%
Mt. Binga
0%
Mt. Catherine
0%
Mt. Fogo
0%
Mt. Heha
0%
Mt. Karisimbi
0%
Mt. Karthala
0%
Mt. Nabemba
0%
Mt. Shimbris
0%
Mt. Sokbaro
0%
Mt. Tahat
0%
Mt. Wuteve
0%
Otse Hill
0%
Pico Basile
0%
Piton de la Petite Riviere Noire
0%
Ras Dashen
0%
Sapitwa Peak
0%
Tena Kourou
0%
Thabana Ntlenyana
0%
No matching quizzes found
Score Distribution
Percent of People with Each Score
Percentile by Number Answered
Your Score History
You have not taken this quiz since the last reset